| 000 | 00672nam a2200229 a 4500 | ||
|---|---|---|---|
| 005 | 20220915063811.0 | ||
| 008 | 140403s2005 es r 000 0 spa d | ||
| 020 | _a8434223929 | ||
| 035 | _aUPN01000196823 | ||
| 049 | _aI | ||
| 050 | 4 |
_aPN3157 _bM3.8 2005 |
|
| 100 | 1 |
_aMartí i Garbayo, Mónica _935637 |
|
| 245 | 1 | 0 |
_aTíteres y mimo / _cMónica Martí, Isabel Sanz. |
| 250 | _a4a ed. | ||
| 260 |
_aBarcelona, Esp. : _bParramón, _c2005. |
||
| 300 |
_a64 p. : _bil. col. |
||
| 650 | 7 |
_aTeatro escolar infantil _2 _96353 |
|
| 650 | 4 |
_aTITERES Y TEATRO DE TITERES EN EDUCACION _99365 |
|
| 700 | 1 |
_aSanz, Isabel, _ecoaut. |
|
| 905 | _aInfantil | ||
| 999 |
_c168924 _d168924 |
||